000 00558nam a22002177a 4500
003 OSt
005 20260319162046.0
008 260319b |||||||| |||| 00| 0 eng d
020 _a81-264-0452-3
040 _cSBCL
082 _a894.8123
_bBAL-I
100 _aBalakrishnan,P K
245 _aIni Njan Urangatte
250 _a56th ed.
260 _aKottayam
_bDC Books
_c2026
300 _a216p.
630 _xLiterature & rhetoric
650 _aLiteratures of other languages
650 _aAltaic, Uralic, Hyperborean & Dravidian
942 _cBOOK
999 _c137816
_d137816